| 000 | 00759nam a22002057a 4500 | ||
|---|---|---|---|
| 999 |
_c13428 _d13428 |
||
| 003 | AR-CdUCM | ||
| 008 | 190415b ||||| |||| 00| 0 spa d | ||
| 040 |
_aMUNICIPALIDAD PROVINCIAL DEL CUSCO _cBIBLIOTECA MUNICIPAL DEL CUSCO |
||
| 082 |
_aC / 345.73 / _bG257 |
||
| 100 |
_aGarrido Mendívil, José María _931844 |
||
| 245 | _aCreación de nuevas salas en algunas cortes superiores de la república / | ||
| 260 |
_aTacna : _bCastilo Arcia, _c1935. |
||
| 300 |
_a20 paginas ; _c20 cm. |
||
| 505 | _aContenido : La corte de Ica -- La corte de Huanuco --La corte de Amazonas -- La corte de Apurimac... | ||
| 650 |
_aPerú _935 |
||
| 650 |
_aCorte Suprema _931845 |
||
| 650 |
_aPoder Judicial _96946 |
||
| 942 |
_2ddc _cFOLLETOS |
||
| 945 |
_awnts _d2019-04-15 |
||